Popular Music That Mentions Animals - Statistics

General Stats
  • This quiz has been taken 52 times
  • The average score is 8 of 12
Answer Stats
Hint Answer % Correct
This white animal from 'Alice in Wonderland' inspired Jefferson Airplane (possibly hallucinogenic drugs were also involved). Rabbit
94%
If Duran Duran had really been as hungry as this creature, they might have fancied a caribou. Wolf
92%
A-Wimoweh, a-Wimoweh? I'm surprised any animals at all got any sleep that night. Lion
88%
Michael Jackson released a cover of this Rockin' bird song in 1972. Robin
85%
Elvis's version of this canine-featured track is actually a cover of Jerry Leiber's 1953 original. Hound dog
77%
Bob Marley was no ornithologist, but he could tell there were three of them, and they were little. Birds
71%
"I am" another Alice in Wonderland inspired effort, by the Beatles (maybe drugs too, goo goo g'joob). Walrus
71%
As this animal can't talk, Tom Jones probably never found out what was new with it. Pussycat
67%
This lyric-free seabird-based track by Fleetwood Mac went to Number One in the UK chart. Albatross
65%
These 'Wild' quadrupeds featured on the Rolling Stones 'Sticky Fingers' album. Horses
58%
UB40 should have been ashamed of their kitchen hygiene. Rat
40%
Pixies sang about which animal that had sadly 'gone to heaven'? Monkey
25%
No matching quizzes found
Score Distribution
Percent of People with Each Score
Percentile by Number Answered
Your Score History
You have not taken this quiz